| 000 | 00710nam a2200229 a 4500 | ||
|---|---|---|---|
| 001 | 000043612 | ||
| 005 | 20201002044859.0 | ||
| 008 | 140331s1970 sp 000 0 spa d | ||
| 040 |
_aDO-SdBNP _bspa _cBNPHU |
||
| 082 |
_a853.15 _bB664d |
||
| 100 | 1 |
_aBoccaccio, Giovanni _d1313-1375 _939143 |
|
| 245 | 1 | 0 |
_aDecameron / _cBoccaccio; prólogo J. Enrique García Melero. |
| 260 |
_aMadrid : _bLibra, _c1970. |
||
| 300 |
_a190 p. ; _c17 cm. |
||
| 490 | 1 |
_aPurpura _v6 |
|
| 650 | 4 |
_aNovela italiana _94322 |
|
| 650 | 4 |
_aLiteratura italiana _93329 |
|
| 650 | 4 |
_aNovela social italiana _951864 |
|
| 650 | 4 |
_aNovela juvenil _91502 |
|
| 700 | 1 | 2 |
_aGarcía Melero, J. Enrique _eprol. _948168 |
| 830 | 0 |
_aPurpura _n6 _971424 |
|
| 999 |
_c43101 _d43101 |
||